000 00434cam a2200169ua 4500
001 1412
008 110708n ii |||gr||||Z||||||eng
040 _cMAIN
082 _a338.542
100 1 _aChopra. P. N.,
_eAuthor.
245 1 _aBusiness economics
_cby P. N. Chopra
260 _aNew Delhi:
_bKalyani Publishers,
_c5th.
300 _a543p:
_bill;
_c23cm.
_a360p:
653 _aEconomics
653 _aBusiness economics
942 _cBK
999 _c1303
_d1303